Detalles MARC
| 000 -CABECERA |
| Longitud fija campo de control |
01208nam a2200361 c 4500 |
| 003 - • IDENTIFICADOR DELl NÚMERO DE CONTROL |
| Identificador del número de control |
SpMaBN |
| 005 - • FECHA Y HORA DE LA ÚLTIMA TRANSACCIÓN |
| Fecha y hora de la última transacción |
20260309165739.0 |
| 007 - • CAMPO FIJO DE DESCRIPCIÓN FÍSICA |
| Campo fijo de descripción física |
ta |
| 008 - • CÓDIGOS DE INFORMACIÓN DE LONGITUD FIJA |
| Códigos de información de longitud fija |
240402s2024 sp a | |||| 000 j spa |
| 017 ## - NÚMERO DE COPYRIGHT O DE DEPÓSITO LEGAL |
| Número de copyright o de depósito legal |
B 15419-2023 |
| Agencia que asigna el número |
Oficina Depósito Legal Barcelona |
| 020 ## - • NÚMERO INTERNACIONAL NORMALIZADO PARA LIBROS |
| Número Internacional Normalizado para Libros (ISBN) |
9788411580878 |
| 040 ## - FUENTE DE LA CATALOGACIÓN |
| Centro catalogador de origen |
SpMaBN |
| Lengua de catalogación |
spa |
| Centro transcriptor |
SpMaBN |
| Normas de descripción |
rda |
| 041 1# - • CÓDIGO DE LENGUA |
| Código de lengua del texto/banda sonora o título independiente |
spa |
| Código de lengua original |
slo |
| 080 ## - NÚMERO DE LA CLASIFICACIÓN DECIMAL UNIVERSAL |
| Número de la Clasificación Decimal Universal |
087.5:82 |
| 100 1# - • PUNTO DE ACCESO PRINCIPAL-NOMBRE DE PERSONA |
| Nombre de persona |
Macurová, Katarína |
| Término indicativo de función |
autor |
| -- |
ilustrador |
| 240 10 - • TÍTULO UNIFORME |
| Título uniforme |
<a href="Veľká chutná dážďovka">Veľká chutná dážďovka</a> |
| 245 13 - • TITULO PROPIAMENTE DICHO |
| Título |
Un gusano sabroso y regordete/ |
| Mención de responsabilidad, etc. |
Katarína Macurová ; traducción de Carolina Montoto |
| 250 ## - • MENCIÓN DE EDICIÓN |
| Mención de edición |
Primera edición: febrero de 2024 |
| 264 #1 - PRODUCCIÓN, PUBLICACIÓN , DISTRIBUCIÓN, FABRICACIÓN Y COPYRIGHT |
| Lugar de producción, publicación, distribución, fabricación |
[Barcelona] |
| Nombre del productor, editor, distribuidor, fabricante |
Combel |
| Fecha de de producción, publicación, distribución, fabricación o copyright |
[2024] |
| 264 #3 - PRODUCCIÓN, PUBLICACIÓN , DISTRIBUCIÓN, FABRICACIÓN Y COPYRIGHT |
| Lugar de producción, publicación, distribución, fabricación |
Impreso en China |
| Nombre del productor, editor, distribuidor, fabricante |
[fabricante no identificado] |
| Fecha de de producción, publicación, distribución, fabricación o copyright |
[2024] |
| 264 #4 - PRODUCCIÓN, PUBLICACIÓN , DISTRIBUCIÓN, FABRICACIÓN Y COPYRIGHT |
| Fecha de de producción, publicación, distribución, fabricación o copyright |
©2024 |
| 300 ## - • DESCRIPCIÓN FÍSICA |
| Extensión |
39 páginas sin numerar |
| Otras características físicas |
ilustraciones (color) |
| Dimensiones |
24x27 cm |
| 336 ## - TIPO DE CONTENIDO |
| Término de tipo de contenido |
Texto |
| -- |
Imagen fija |
| Fuente |
rdacontent |
| Código de tipo de contenido |
txt |
| 337 ## - TIPO DE MEDIO |
| Nombre del tipo de medio |
sin mediación |
| Fuente |
rdamedia |
| Código del tipo de medio |
n |
| 338 ## - TIPO DE SOPORTE |
| Nombre del tipo de soporte |
volumen |
| Fuente |
rdacarrier |
| Código del tipo de soporte |
nc |
| 650 ## - • PUNTO DE ACCESO ADICIONAL DE MATERIA - TÉRMINO DE MATERIA |
| Fuente del encabezamiento o término |
LEMB |
| 655 #7 - • TÉRMINO DE INDIZACIÓN - GÉNERO/FORMA |
| Datos o término principal de género/forma |
Cuentos infantiles |
| Fuente del término |
tgfbne |
| 9 (RLIN) |
41091 |
| 655 #7 - • TÉRMINO DE INDIZACIÓN - GÉNERO/FORMA |
| Datos o término principal de género/forma |
Libros infantiles |
| Fuente del término |
tgfbne |
| 655 #7 - • TÉRMINO DE INDIZACIÓN - GÉNERO/FORMA |
| Datos o término principal de género/forma |
Libros ilustrados |
| Fuente del término |
tgfbne |
| 700 1# - • PUNTO DE ACCESO ADICIONAL - NOMBRE DE PERSONA |
| Nombre de persona |
Montoto, Carolina |
| Fechas asociadas al nombre |
1968- |
| Término indicativo de función |
traductor |
| 942 ## - ENTRADA DE ELEMENTOS AGREGADOS (KOHA) |
| Fuente de clasificaión o esquema |
Dewey Decimal Classification |
| Koha [por defecto] tipo de item |
Literatura Infantil |